|
|
|
|
| LEADER |
01263nam a2200253 a 4500 |
| 001 |
1203539 |
| 008 |
100120s1997 fr ab b i100 0 eng d |
| 010 |
|
|
|a \\\98121125
|
| 040 |
|
|
|a YSM
|c YSM
|d CU-SB
|d DLC
|d BD-DhAAL
|
| 082 |
0 |
0 |
|a 333.76/14
|2 21
|
| 245 |
0 |
0 |
|a Environmental benefits from agriculture :
|b issues and policies : the Helsinki Seminar.
|
| 260 |
|
|
|a Paris :
|b Organisation for Economic Co-operation and Development ;
|a Washington D. C. :
|b OECD Washington Center [distributor],
|c c1997.
|
| 300 |
|
|
|a 158 p. :
|b ill., maps ;
|c 28 cm.
|
| 490 |
0 |
|
|a OECD proceedings
|
| 500 |
|
|
|a Papers from the Seminar on Environmental Benefits from Agriculture, held in Helsinki on 10-13 September 1996.
|
| 504 |
|
|
|a Includes bibliographical references.
|
| 541 |
1 |
|
|e 00011021
|
| 650 |
|
0 |
|a Agriculture
|x Environmental aspects
|x Congresses.
|
| 650 |
|
0 |
|a Agriculture and state
|x Congresses.
|
| 710 |
2 |
|
|a Organisation for Economic Co-operation and Development.
|
| 711 |
2 |
|
|a Seminar on Environmental Benefits from Agriculture
|d (1996 :
|c Helsinki, Finland)
|
| 852 |
4 |
|
|a Ayesha Abed Library
|j General shelf
|
| 999 |
|
|
|c 7114
|d 7114
|
| 952 |
|
|
|0 0
|1 0
|2 ddc
|4 0
|6 333_761400000000000_ENV_1997
|7 0
|9 7388
|a BRACUL
|b BRACUL
|c GEN
|d 2010-01-24
|l 0
|o 333.7614 ENV
|p 3010011021
|r 2010-01-24
|t 1
|w 2010-01-24
|y BK
|